| 000 | 00877cam a22002774a 4500 | ||
|---|---|---|---|
| 001 | 13350171 | ||
| 005 | 20180807082826.0 | ||
| 008 | 030922s2004 dcu b 001 0 eng | ||
| 010 | _a 2003020741 | ||
| 020 | _a1558102159 (alk. paper) | ||
| 035 | _a(DNLM)101191616 | ||
| 040 |
_aDNLM/DLC _cDLC _dDLC |
||
| 041 | _aeng | ||
| 042 | _apcc | ||
| 043 | _an-us--- | ||
| 060 | 1 | 0 |
_aWY 16 _bA512n 2004 |
| 080 | _a610.730 | ||
| 082 | 0 | 0 |
_a610.730 _222 |
| 100 | _a1 | ||
| 101 | _aINF | ||
| 245 | 1 | 0 |
_aNursing : _cAmerican Nurses Association. |
| 504 | _aIncludes bibliographical references and index. | ||
| 906 |
_a7 _bcbc _corignew _d1 _eecip _f20 _gy-gencatlg |
||
| 942 |
_2ddc _cBK |
||
| 999 |
_c46942 _d46942 |
||